Statistics for Countries Closest to the Equator but Don't Touch It

Click here to take the quiz!

General Stats

  • This quiz has been taken 78 times
  • The average score is 20 of 30

Answer Stats

km Country miles % Correct
4Peru2
88%
94Malaysia58
83%
246Central African Republic153
83%
71Venezuela44
80%
129Guyana80
80%
203Suriname126
80%
116Rwanda72
77%
109Tanzania68
77%
137Singapore85
75%
645Angola401
75%
473Nigeria294
73%
255Burundi158
72%
183Cameroon114
72%
443Brunei275
72%
920East Timor572
72%
376Ethiopia237
70%
386South Sudan240
68%
102Equatorial Guinea63
67%
20Maldives12
65%
146Papua New Guinea91
65%
907Zambia564
65%
113F.S. of Micronesia70
55%
1,036Malawi644
53%
625Tuvalu388
52%
411Seychelles255
52%
13Kiribati8
52%
56Nauru35
48%
491Solomon Islands305
43%

Score Distribution

Percentile by Number Answered

Percent of People with Each Score

Your Score History

You have not taken this quiz